Biometry of plant growth (Record no. 36458)

MARC details
000 -LEADER
fixed length control field 00566nam a2200217Ia 4500
082 ## - DEWEY DECIMAL CLASSIFICATION NUMBER
Classification number 581.143:57.087.1
Item number CAU
100 ## - MAIN ENTRY--AUTHOR NAME
Personal name CAUSTON, David R
245 #0 - TITLE STATEMENT
Title Biometry of plant growth
260 ## - PUBLICATION, DISTRIBUTION, ETC. (IMPRINT)
Place of publication London
Name of publisher Edward Arnold
Year of publication 1981
650 ## - SUBJECT ADDED ENTRY--TOPICAL TERM
Topical Term Biometry
650 ## - SUBJECT ADDED ENTRY--TOPICAL TERM
Topical Term Leaf growth
650 ## - SUBJECT ADDED ENTRY--TOPICAL TERM
Topical Term Linear allometry
650 ## - SUBJECT ADDED ENTRY--TOPICAL TERM
Topical Term Linear regression
650 ## - SUBJECT ADDED ENTRY--TOPICAL TERM
Topical Term Plant growth
650 ## - SUBJECT ADDED ENTRY--TOPICAL TERM
Topical Term Polynomial regression
650 ## - SUBJECT ADDED ENTRY--TOPICAL TERM
Topical Term Quantification
650 ## - SUBJECT ADDED ENTRY--TOPICAL TERM
Topical Term Richards function
700 ## - ADDED ENTRY--PERSONAL NAME
Personal name JILL, C Venus
942 ## - ADDED ENTRY ELEMENTS (KOHA)
Koha item type Books
Holdings
Withdrawn status Lost status Damaged status Not for loan Home library Current library Date acquired Full call number Accession Number Koha item type
        RRII Library RRII Library 16/12/2021 581.143:57.087.1 CAU 16864 Books